Network Protocols And Standards. (Record no. 762)

MARC details
000 -LEADER
fixed length control field 00492nac a22001571u 4500
008 - FIXED-LENGTH DATA ELEMENTS--GENERAL INFORMATION
fixed length control field 100831t2003 xxu|||||r|||| 001 0 eng d
020 ## - INTERNATIONAL STANDARD BOOK NUMBER
International Standard Book Number 8120324129
082 ## - DEWEY DECIMAL CLASSIFICATION NUMBER
Classification number 004.62
Item number NET
Edition number 22
100 ## - MAIN ENTRY--PERSONAL NAME
Personal name 20080729
9 (RLIN) 17748
245 ## - TITLE STATEMENT
Title Network Protocols And Standards.
260 ## - PUBLICATION, DISTRIBUTION, ETC. (IMPRINT)
Place of publication, distribution, etc New Delhi :
Name of publisher, distributor, etc Prentice-Hall of India,
Date of publication, distribution, etc 2003.
300 ## - PHYSICAL DESCRIPTION
Extent 322 p.
Other physical details ill. ;
Dimensions 24 cm.
650 ## - SUBJECT ADDED ENTRY--TOPICAL TERM
Topical term or geographic name as entry element Computer network protocols.
9 (RLIN) 17749
710 ## - ADDED ENTRY--CORPORATE NAME
Corporate name or jurisdiction name as entry element NIIT (Corporation)
9 (RLIN) 17750
942 ## - ADDED ENTRY ELEMENTS (KOHA)
Item type Book - Borrowing
Call number prefix 004.62NET
Source of classification or shelving scheme Dewey Decimal Classification
Holdings
Withdrawn status Item status Source of classification or shelving scheme Damaged status Not for loan Vendor Home library Current library Shelving location Date acquired Source of acquisition Cost, normal purchase price Total Checkouts Total Renewals Full call number Barcode Date last seen Date last borrowed Cost, replacement price Koha item type
    Dewey Decimal Classification       Central Library Central Library Lower Floor 27/07/2006   100.00 2 7 004.62 NET 000003824 15/07/2025 09/02/2017 125.00 Book - Borrowing
    Dewey Decimal Classification       Central Library Central Library Lower Floor 27/07/2006   100.00 1 1 004.62 NET 000003823 15/07/2025 11/02/2025 125.00 Book - Borrowing